1746 1130 1782 1481 1494 1235 1900 1252 1632 1863 1564 1691 1435 1066 1517 1670 1273 1870 1129 1001 1310 1572 1723 1143 1308 1475 1995 1623 1909 1917 1168 1689 1387 1497 1910 1139 1735 1429 1536 1811 1578 1717 1452 1001 1029 1787 1505 1640 1033 1409 1635 1163 1260 1827 1164 1641 1925 1314 1697 1737 1234 1926 1998 1632 1702 1976 1590 1707 1731 1648 1172 1637 1646 1472 1266 1070 1732 1240 1560 1761 1914 1600 1875 1355 1841 1501 1291 1108 1087 1281 1790 1855 1346 1250 1967 1169 1748 1384 1075 BCNSPRNW ULIB Ver.6.0+V

เปลี่ยนเป็นภาษาไทย

Change to English
 แสดงรายละเอียดบรรณานุกรม
  กลับหน้าหลัก

Brief Record : Get Marc (ISO 2709) : E-mail record : QR code < ปิดหน้าต่าง
LEADER : 00000nam 2200000uu 4500
001    13399111268
003     ULIB
008    110621s2006||||th 000 0 eng d
020    0781739160
024    9780781739160
060 04 WX218^bL935c 2006
100 1  Luce, John M.
245 10 Critical care medicine /^cJohn M. Luce, David J. Pierson ;with contributors from the University of California, San Francisco, and the University of Washington, Seattle ; illustrations by Phyllis Wood
250     3rd ed
260 0  Philadelphia :^bSaunders,^c2006
300    xii, 664 p. :^bill. ;^c23 cm.
504    Includes bibliographies and index
650  2 Critical Care
700 1  Pierson, David J.
945    ^p1805^l0^i019056
995     Kesorn
999 ^a ใช้งานได้ทุกระบบ
รายการนี้ยังไม่มีแท็ก
คุณยังไม่ได้ล็อกอิน คุณสามารถมีกิจกรรมร่วมกับเว็บไซต์ได้ แต่ต้องล็อกอินก่อน ::
  ล็อกอิน

รายการสื่อสารสนเทศ

ลำดับที่ ประเภท เลขเรียก/บาร์โค้ด สถานที่ สถานะ
- ไม่พบข้อมูล -

รายการใกล้เคียง
    หัวเรื่อง [Critical Care]

BibComment


ยังไม่เคยถูกคอมเมนท์

คอมเมนท์ทรัพยากรรายการนี้
  คอมเมนท์: Critical care med..


 Copyright 2026. Bcnsprnw @Library